| 000 | 01663nam a2200289Ia 4500 | ||
|---|---|---|---|
| 999 |
_c53841 _d53841 |
||
| 001 | 20892 | ||
| 003 | GE_BSU | ||
| 005 | 20210610181802.0 | ||
| 008 | 181216s2016||||ge |||||||||||||| ||geo|| | ||
| 010 | _a9789941414800 | ||
| 040 | _cGE_BSU | ||
| 041 | _ageo | ||
| 080 | _a346.62:347.735:341.48 შ-90 | ||
| 100 |
_aშნიტგერი, ჰაინრიჰ _91696 |
||
| 245 |
_aსაკრედიტო სამართალი : დელიქტური სამართალი, სააღსრულებო სამართალი ინტელექტუალური საკუთრების სამართალი : _bმოკლე კონსპექტები / _cჰაინრიჰ შნიტგერი, პეტერ ლუთრინგჰაუსი, იან ტოლკმიტი ვინფრიდ შუშკე. |
||
| 264 |
_aთბილისი : _bბონა კაუზა, _c2016. |
||
| 300 |
_a94 გვ. ; _c29 სმ. |
||
| 541 | _h6ლ.50თ. | ||
| 653 | _aსაკრედიტო სამართალი | ||
| 653 | _a ინტელექტუალური საკუთრების სამართალი | ||
| 653 | _aდელიქტური სამართალი | ||
| 653 | _a სააღსრულებო სამართალი | ||
| 653 | _aსამართალი | ||
| 700 |
_aლუთრინგჰაუსი, პეტერ _eავტორი _912018 |
||
| 710 |
_aვინფრიდ შუშკე, იან ტოლკმიტი _eავტორი _912019 |
||
| 942 |
_cBK _2udc |
||